<?xml version="1.0" encoding="UTF-8"?>
<record
    xmlns:xsi="http://www.w3.org/2001/XMLSchema-instance"
    xsi:schemaLocation="http://www.loc.gov/MARC21/slim http://www.loc.gov/standards/marcxml/schema/MARC21slim.xsd"
    xmlns="http://www.loc.gov/MARC21/slim">

  <leader>01077nas a2200265 i 4500</leader>
  <controlfield tag="003">DO-SdBNP</controlfield>
  <controlfield tag="005">20260521145740.0</controlfield>
  <controlfield tag="007">ta</controlfield>
  <controlfield tag="008">260521e2003    dr fn|p|r|||||00| | spa d</controlfield>
  <datafield tag="040" ind1=" " ind2=" ">
    <subfield code="a">DO-SdBNP</subfield>
    <subfield code="b">spa</subfield>
    <subfield code="c">BNPHU</subfield>
    <subfield code="e">rda</subfield>
  </datafield>
  <datafield tag="041" ind1=" " ind2=" ">
    <subfield code="a">spa</subfield>
  </datafield>
  <datafield tag="110" ind1=" " ind2=" ">
    <subfield code="a">Grupo Break</subfield>
    <subfield code="9">89696</subfield>
  </datafield>
  <datafield tag="245" ind1=" " ind2=" ">
    <subfield code="a">Paradigmas :</subfield>
    <subfield code="b">revista de critica  filos&#xF3;fica e investigaci&#xF3;n en humanidades /</subfield>
    <subfield code="c">Grupo Break</subfield>
  </datafield>
  <datafield tag="264" ind1=" " ind2=" ">
    <subfield code="a">Santo Domingo, Republica Dominicana :</subfield>
    <subfield code="b">Grupo Break,</subfield>
    <subfield code="c">2003.</subfield>
  </datafield>
  <datafield tag="300" ind1=" " ind2=" ">
    <subfield code="a">volumen : </subfield>
    <subfield code="b">ilustraciones, fotograf&#xED;as, graficas ;</subfield>
    <subfield code="c">21 cm.</subfield>
  </datafield>
  <datafield tag="310" ind1=" " ind2=" ">
    <subfield code="a">Semestral.</subfield>
  </datafield>
  <datafield tag="336" ind1=" " ind2=" ">
    <subfield code="a">texto</subfield>
    <subfield code="b">txt</subfield>
    <subfield code="2">rdacontent</subfield>
  </datafield>
  <datafield tag="337" ind1=" " ind2=" ">
    <subfield code="a">sin mediaci&#xF3;n </subfield>
    <subfield code="b">n</subfield>
    <subfield code="2">rdamedia</subfield>
  </datafield>
  <datafield tag="338" ind1=" " ind2=" ">
    <subfield code="a">volumen</subfield>
    <subfield code="b">nc</subfield>
    <subfield code="2">rdacarrier</subfield>
  </datafield>
  <datafield tag="362" ind1=" " ind2=" ">
    <subfield code="a">A&#xF1;o 1. No. 1, enero-junio, 2003.</subfield>
  </datafield>
  <datafield tag="500" ind1=" " ind2=" ">
    <subfield code="a">Catalogaci&#xF3;n basada en el A&#xF1;o 1. No. 1, enero-junio, 2003.</subfield>
  </datafield>
  <datafield tag="520" ind1=" " ind2=" ">
    <subfield code="a">Break significa: "romper", "quebrar" Es tambi&#xE9;n la met&#xE1;fora de una actitud de ruptura con los "muros" que obstaculizan perspectivas mas amplias de interpretaci&#xF3;n. </subfield>
  </datafield>
  <datafield tag="650" ind1=" " ind2="0">
    <subfield code="a">Ciencia </subfield>
    <subfield code="v">Publicaciones peri&#xF3;dicas</subfield>
    <subfield code="9">32916</subfield>
  </datafield>
  <datafield tag="942" ind1=" " ind2=" ">
    <subfield code="2">ddc</subfield>
    <subfield code="c">ISSUE</subfield>
  </datafield>
  <datafield tag="952" ind1=" " ind2=" ">
    <subfield code="0">0</subfield>
    <subfield code="1">0</subfield>
    <subfield code="2">ddc</subfield>
    <subfield code="4">0</subfield>
    <subfield code="5">6</subfield>
    <subfield code="7">0</subfield>
    <subfield code="8">SE</subfield>
    <subfield code="a">BNPHU</subfield>
    <subfield code="b">BNPHU</subfield>
    <subfield code="d">2026-05-21</subfield>
    <subfield code="h">A&#xF1;o 1, No. 1 enero-junio, 2003</subfield>
    <subfield code="l">0</subfield>
    <subfield code="p">2026-4437</subfield>
    <subfield code="r">2026-05-21</subfield>
    <subfield code="t">e.1</subfield>
    <subfield code="w">2026-05-21</subfield>
    <subfield code="y">ISSUE</subfield>
    <subfield code="z">Disponible para consulta en Hemeroteca.</subfield>
  </datafield>
  <datafield tag="952" ind1=" " ind2=" ">
    <subfield code="0">0</subfield>
    <subfield code="1">0</subfield>
    <subfield code="2">ddc</subfield>
    <subfield code="4">0</subfield>
    <subfield code="5">6</subfield>
    <subfield code="7">0</subfield>
    <subfield code="8">SE</subfield>
    <subfield code="a">BNPHU</subfield>
    <subfield code="b">BNPHU</subfield>
    <subfield code="d">2026-05-26</subfield>
    <subfield code="h">  A&#xF1;o 1, No. 2  julio-diciembre, 2003</subfield>
    <subfield code="l">0</subfield>
    <subfield code="p">2026-4602</subfield>
    <subfield code="r">2026-05-26</subfield>
    <subfield code="t">e.1</subfield>
    <subfield code="w">2026-05-26</subfield>
    <subfield code="y">ISSUE</subfield>
    <subfield code="z">Disponible para consulta en Hemeroteca.</subfield>
  </datafield>
  <datafield tag="952" ind1=" " ind2=" ">
    <subfield code="0">0</subfield>
    <subfield code="1">0</subfield>
    <subfield code="2">ddc</subfield>
    <subfield code="4">0</subfield>
    <subfield code="5">6</subfield>
    <subfield code="7">0</subfield>
    <subfield code="8">SE</subfield>
    <subfield code="a">BNPHU</subfield>
    <subfield code="b">BNPHU</subfield>
    <subfield code="d">2026-05-26</subfield>
    <subfield code="h">  A&#xF1;o 1, No. 2  julio-diciembre, 2003</subfield>
    <subfield code="l">0</subfield>
    <subfield code="p">2026-4603</subfield>
    <subfield code="r">2026-05-26</subfield>
    <subfield code="t">e.2</subfield>
    <subfield code="w">2026-05-26</subfield>
    <subfield code="y">ISSUE</subfield>
    <subfield code="z">Disponible para consulta en Hemeroteca.</subfield>
  </datafield>
  <datafield tag="952" ind1=" " ind2=" ">
    <subfield code="0">0</subfield>
    <subfield code="1">0</subfield>
    <subfield code="2">ddc</subfield>
    <subfield code="4">0</subfield>
    <subfield code="5">6</subfield>
    <subfield code="7">0</subfield>
    <subfield code="8">SE</subfield>
    <subfield code="a">BNPHU</subfield>
    <subfield code="b">BNPHU</subfield>
    <subfield code="d">2026-05-26</subfield>
    <subfield code="h">  A&#xF1;o 1, No. 2  julio-diciembre, 2003</subfield>
    <subfield code="l">0</subfield>
    <subfield code="p">2026-4604</subfield>
    <subfield code="r">2026-05-26</subfield>
    <subfield code="t">e.3</subfield>
    <subfield code="w">2026-05-26</subfield>
    <subfield code="y">ISSUE</subfield>
    <subfield code="z">Disponible para consulta en Hemeroteca.</subfield>
  </datafield>
  <datafield tag="952" ind1=" " ind2=" ">
    <subfield code="0">0</subfield>
    <subfield code="1">0</subfield>
    <subfield code="2">ddc</subfield>
    <subfield code="4">0</subfield>
    <subfield code="5">6</subfield>
    <subfield code="7">0</subfield>
    <subfield code="8">SE</subfield>
    <subfield code="a">BNPHU</subfield>
    <subfield code="b">BNPHU</subfield>
    <subfield code="d">2026-05-26</subfield>
    <subfield code="h">  A&#xF1;o 1, No. 2  julio-diciembre, 2003</subfield>
    <subfield code="l">0</subfield>
    <subfield code="p">2026-4605</subfield>
    <subfield code="r">2026-05-26</subfield>
    <subfield code="t">e.4</subfield>
    <subfield code="w">2026-05-26</subfield>
    <subfield code="y">ISSUE</subfield>
    <subfield code="z">Disponible para consulta en Hemeroteca.</subfield>
  </datafield>
  <datafield tag="952" ind1=" " ind2=" ">
    <subfield code="0">0</subfield>
    <subfield code="1">0</subfield>
    <subfield code="2">ddc</subfield>
    <subfield code="4">0</subfield>
    <subfield code="5">6</subfield>
    <subfield code="7">0</subfield>
    <subfield code="8">SE</subfield>
    <subfield code="a">BNPHU</subfield>
    <subfield code="b">BNPHU</subfield>
    <subfield code="d">2026-05-26</subfield>
    <subfield code="h">  A&#xF1;o 2, No. 3  enero-junio, 2004</subfield>
    <subfield code="l">0</subfield>
    <subfield code="p">2026-4606</subfield>
    <subfield code="r">2026-05-26</subfield>
    <subfield code="t">e.1</subfield>
    <subfield code="w">2026-05-26</subfield>
    <subfield code="y">ISSUE</subfield>
    <subfield code="z">Disponible para consulta en Hemeroteca.</subfield>
  </datafield>
  <datafield tag="952" ind1=" " ind2=" ">
    <subfield code="0">0</subfield>
    <subfield code="1">0</subfield>
    <subfield code="2">ddc</subfield>
    <subfield code="4">0</subfield>
    <subfield code="5">6</subfield>
    <subfield code="7">0</subfield>
    <subfield code="8">SE</subfield>
    <subfield code="a">BNPHU</subfield>
    <subfield code="b">BNPHU</subfield>
    <subfield code="d">2026-05-26</subfield>
    <subfield code="h">  A&#xF1;o 2, No. 3  enero-junio, 2004</subfield>
    <subfield code="l">0</subfield>
    <subfield code="p">2026-4607</subfield>
    <subfield code="r">2026-05-26</subfield>
    <subfield code="t">e.2</subfield>
    <subfield code="w">2026-05-26</subfield>
    <subfield code="y">ISSUE</subfield>
    <subfield code="z">Disponible para consulta en Hemeroteca.</subfield>
  </datafield>
  <datafield tag="952" ind1=" " ind2=" ">
    <subfield code="0">0</subfield>
    <subfield code="1">0</subfield>
    <subfield code="2">ddc</subfield>
    <subfield code="4">0</subfield>
    <subfield code="5">6</subfield>
    <subfield code="7">0</subfield>
    <subfield code="8">SE</subfield>
    <subfield code="a">BNPHU</subfield>
    <subfield code="b">BNPHU</subfield>
    <subfield code="d">2026-05-26</subfield>
    <subfield code="h">  A&#xF1;o 2, No. 3  enero-junio, 2004</subfield>
    <subfield code="l">0</subfield>
    <subfield code="p">2026-4608</subfield>
    <subfield code="r">2026-05-26</subfield>
    <subfield code="t">e.3</subfield>
    <subfield code="w">2026-05-26</subfield>
    <subfield code="y">ISSUE</subfield>
    <subfield code="z">Disponible para consulta en Hemeroteca.</subfield>
  </datafield>
  <datafield tag="952" ind1=" " ind2=" ">
    <subfield code="0">0</subfield>
    <subfield code="1">0</subfield>
    <subfield code="2">ddc</subfield>
    <subfield code="4">0</subfield>
    <subfield code="5">6</subfield>
    <subfield code="7">0</subfield>
    <subfield code="8">SE</subfield>
    <subfield code="a">BNPHU</subfield>
    <subfield code="b">BNPHU</subfield>
    <subfield code="d">2026-05-26</subfield>
    <subfield code="h">  A&#xF1;o 2, No. 3  enero-junio, 2004</subfield>
    <subfield code="l">0</subfield>
    <subfield code="p">2026-4609</subfield>
    <subfield code="r">2026-05-26</subfield>
    <subfield code="t">e.4</subfield>
    <subfield code="w">2026-05-26</subfield>
    <subfield code="y">ISSUE</subfield>
    <subfield code="z">Disponible para consulta en Hemeroteca.</subfield>
  </datafield>
  <datafield tag="952" ind1=" " ind2=" ">
    <subfield code="0">0</subfield>
    <subfield code="1">0</subfield>
    <subfield code="2">ddc</subfield>
    <subfield code="4">0</subfield>
    <subfield code="5">6</subfield>
    <subfield code="7">0</subfield>
    <subfield code="8">SE</subfield>
    <subfield code="a">BNPHU</subfield>
    <subfield code="b">BNPHU</subfield>
    <subfield code="d">2026-05-26</subfield>
    <subfield code="h">  A&#xF1;o 2, No. 4  julio-diciembre, 2004</subfield>
    <subfield code="l">0</subfield>
    <subfield code="p">2026-4610</subfield>
    <subfield code="r">2026-05-26</subfield>
    <subfield code="t">e.1</subfield>
    <subfield code="w">2026-05-26</subfield>
    <subfield code="y">ISSUE</subfield>
    <subfield code="z">Disponible para consulta en Hemeroteca.</subfield>
  </datafield>
  <datafield tag="952" ind1=" " ind2=" ">
    <subfield code="0">0</subfield>
    <subfield code="1">0</subfield>
    <subfield code="2">ddc</subfield>
    <subfield code="4">0</subfield>
    <subfield code="5">6</subfield>
    <subfield code="7">0</subfield>
    <subfield code="8">SE</subfield>
    <subfield code="a">BNPHU</subfield>
    <subfield code="b">BNPHU</subfield>
    <subfield code="d">2026-05-26</subfield>
    <subfield code="h">  A&#xF1;o 2, No. 4  julio-diciembre, 2004</subfield>
    <subfield code="l">0</subfield>
    <subfield code="p">2026-4611</subfield>
    <subfield code="r">2026-05-26</subfield>
    <subfield code="t">e.2</subfield>
    <subfield code="w">2026-05-26</subfield>
    <subfield code="y">ISSUE</subfield>
    <subfield code="z">Disponible para consulta en Hemeroteca.</subfield>
  </datafield>
  <datafield tag="952" ind1=" " ind2=" ">
    <subfield code="0">0</subfield>
    <subfield code="1">0</subfield>
    <subfield code="2">ddc</subfield>
    <subfield code="4">0</subfield>
    <subfield code="5">6</subfield>
    <subfield code="7">0</subfield>
    <subfield code="8">SE</subfield>
    <subfield code="a">BNPHU</subfield>
    <subfield code="b">BNPHU</subfield>
    <subfield code="d">2026-05-26</subfield>
    <subfield code="h">  A&#xF1;o 3, No. 6  julio-diciembre, 2005</subfield>
    <subfield code="l">0</subfield>
    <subfield code="p">2026-4612</subfield>
    <subfield code="r">2026-05-26</subfield>
    <subfield code="t">e.1</subfield>
    <subfield code="w">2026-05-26</subfield>
    <subfield code="y">ISSUE</subfield>
    <subfield code="z">Disponible para consulta en Hemeroteca.</subfield>
  </datafield>
  <datafield tag="952" ind1=" " ind2=" ">
    <subfield code="0">0</subfield>
    <subfield code="1">0</subfield>
    <subfield code="2">ddc</subfield>
    <subfield code="4">0</subfield>
    <subfield code="5">6</subfield>
    <subfield code="7">0</subfield>
    <subfield code="8">SE</subfield>
    <subfield code="a">BNPHU</subfield>
    <subfield code="b">BNPHU</subfield>
    <subfield code="d">2026-05-26</subfield>
    <subfield code="h">  A&#xF1;o 3, No. 6  julio-diciembre, 2005</subfield>
    <subfield code="l">0</subfield>
    <subfield code="p">2026-4613</subfield>
    <subfield code="r">2026-05-26</subfield>
    <subfield code="t">e.2</subfield>
    <subfield code="w">2026-05-26</subfield>
    <subfield code="y">ISSUE</subfield>
    <subfield code="z">Disponible para consulta en Hemeroteca.</subfield>
  </datafield>
  <datafield tag="952" ind1=" " ind2=" ">
    <subfield code="0">0</subfield>
    <subfield code="1">0</subfield>
    <subfield code="2">ddc</subfield>
    <subfield code="4">0</subfield>
    <subfield code="5">6</subfield>
    <subfield code="7">0</subfield>
    <subfield code="8">SE</subfield>
    <subfield code="a">BNPHU</subfield>
    <subfield code="b">BNPHU</subfield>
    <subfield code="d">2026-05-26</subfield>
    <subfield code="h">  A&#xF1;o 3, No. 6  julio-diciembre, 2005</subfield>
    <subfield code="l">0</subfield>
    <subfield code="p">2026-4614</subfield>
    <subfield code="r">2026-05-26</subfield>
    <subfield code="t">e.3</subfield>
    <subfield code="w">2026-05-26</subfield>
    <subfield code="y">ISSUE</subfield>
    <subfield code="z">Disponible para consulta en Hemeroteca.</subfield>
  </datafield>
  <datafield tag="952" ind1=" " ind2=" ">
    <subfield code="0">0</subfield>
    <subfield code="1">0</subfield>
    <subfield code="2">ddc</subfield>
    <subfield code="4">0</subfield>
    <subfield code="5">6</subfield>
    <subfield code="7">0</subfield>
    <subfield code="8">SE</subfield>
    <subfield code="a">BNPHU</subfield>
    <subfield code="b">BNPHU</subfield>
    <subfield code="d">2026-05-26</subfield>
    <subfield code="h">  A&#xF1;o 3, No. 6  julio-diciembre, 2005</subfield>
    <subfield code="l">0</subfield>
    <subfield code="p">2026-4615</subfield>
    <subfield code="r">2026-05-26</subfield>
    <subfield code="t">e.4</subfield>
    <subfield code="w">2026-05-26</subfield>
    <subfield code="y">ISSUE</subfield>
    <subfield code="z">Disponible para consulta en Hemeroteca.</subfield>
  </datafield>
  <datafield tag="952" ind1=" " ind2=" ">
    <subfield code="0">0</subfield>
    <subfield code="1">0</subfield>
    <subfield code="2">ddc</subfield>
    <subfield code="4">0</subfield>
    <subfield code="5">6</subfield>
    <subfield code="7">0</subfield>
    <subfield code="8">SE</subfield>
    <subfield code="a">BNPHU</subfield>
    <subfield code="b">BNPHU</subfield>
    <subfield code="d">2026-05-26</subfield>
    <subfield code="h">  A&#xF1;o 3, No. 6  julio-diciembre, 2005</subfield>
    <subfield code="l">0</subfield>
    <subfield code="p">2026-4616</subfield>
    <subfield code="r">2026-05-26</subfield>
    <subfield code="t">e.5</subfield>
    <subfield code="w">2026-05-26</subfield>
    <subfield code="y">ISSUE</subfield>
    <subfield code="z">Disponible para consulta en Hemeroteca.</subfield>
  </datafield>
  <datafield tag="952" ind1=" " ind2=" ">
    <subfield code="0">0</subfield>
    <subfield code="1">0</subfield>
    <subfield code="2">ddc</subfield>
    <subfield code="4">0</subfield>
    <subfield code="5">6</subfield>
    <subfield code="7">0</subfield>
    <subfield code="8">SE</subfield>
    <subfield code="a">BNPHU</subfield>
    <subfield code="b">BNPHU</subfield>
    <subfield code="d">2026-05-26</subfield>
    <subfield code="h">  A&#xF1;o 3, No. 6  julio-diciembre, 2005</subfield>
    <subfield code="l">0</subfield>
    <subfield code="p">2026-4617</subfield>
    <subfield code="r">2026-05-26</subfield>
    <subfield code="t">e.6</subfield>
    <subfield code="w">2026-05-26</subfield>
    <subfield code="y">ISSUE</subfield>
    <subfield code="z">Disponible para consulta en Hemeroteca.</subfield>
  </datafield>
  <datafield tag="999" ind1=" " ind2=" ">
    <subfield code="c">60802</subfield>
    <subfield code="d">60802</subfield>
  </datafield>
</record>
